00306nam a2200085Ia 4500008004100000100006900041245008200110260002000192300000800212201231s9999 xx 000 0 und d aChattopadhyay, Manabendu, Maiti, Pradip and Rakshit, Mihir (ed.) 0aPlanning and Economic Policy in India : Evaluation and Lessons for the Future aNew DelhibSAGE a215